| 000 | 00689nam a2200265Ia 4500 | ||
|---|---|---|---|
| 003 | OSt | ||
| 005 | 20221006142601.0 | ||
| 006 | a|||||r|||| 00| 0 | ||
| 007 | ta | ||
| 008 | 221006b |||||||| |||| 00| 0 eng d | ||
| 020 |
_a080128432 _cSh35.00 |
||
| 024 | _a6,674 | ||
| 037 | _cTextual | ||
| 040 |
_aEASL _cEASL _beng |
||
| 041 |
_2eng _aeng |
||
| 082 | _aY:60bT.N66, K8 | ||
| 100 |
_aTSANG Chiu-Sam _9647971 |
||
| 245 | 0 | _aSociety, schools and progress in China | |
| 260 |
_aOxford _bPergamon Press _c1968 |
||
| 300 |
_a333p. _ccm. |
||
| 490 | _v CEL | ||
| 650 | _aCEL | ||
| 942 |
_hY:60bT.N66, K8 _cTEXL _2CC |
||
| 999 |
_c1074760 _d1074760 |
||